Statistiques concernant Histoire des États-Unis - Moyen 🇺🇸

Cliquez ici pour prendre le quiz!

Statistiques générales

  • Ce quiz a Ă©tĂ© pris 178 fois
    (172 depuis la dernière actualisation)
  • Le rĂ©sultat moyen est 8 sur 10

Statistiques - réponses

QuestionRĂ©ponse% Correct
Laquelle de ces personnalités américaines a délivré le discours célèbre "I Have a Dream" ?Martin Luther King Jr.
99%
Quelle est la plus haute montagne des États-Unis ?Le mont McKinley
97%
Qui a été le premier homme à marcher sur la lune en 1969 ?Neil Armstrong
97%
Quel événement a marqué le début de la participation des États-Unis dans la Seconde Guerre mondiale ?L'attaque de Pearl Harbor
95%
Quel est le nom du quartier des affaires de New York, connu pour ses gratte-ciel emblématiques ?Wall Street
95%
Quel est le plus long fleuve des États-Unis ?Le Mississippi
92%
Quelle est la devise nationale des États-Unis ?"In God We Trust"
89%
Qui a vendu l'Alaska aux États-Unis en 1867 ?La Russie
79%
Quel est le nom du document fondateur des États-Unis qui a été adopté le 17 septembre 1787 ?La Constitution des États-Unis
55%
Quel État américain est surnommé "l'État du soleil" ?Floride
44%

Distribution des résultats

Percentile par nombre de réponses

% des personnes avec chaque résultat

Votre développement - résultats

Vous n’avez pas pris ce quiz depuis la dernière actualisation